000 00910nam a2200229 i 4500
001 21130
003 ES-MaACL
005 20230906152426.0
007 t|
008 021121s1953 gw ||||1| ger d
080 _a811.14'36
100 1 _aSchwyzer, Eduard.
_9104921
245 1 0 _aGriechische Grammatik
_b: auf der Grundlage von Karl Brugmans Griechischer Grammatik /
_cvon Eduard Schwyzer.
260 _aMünchen :
_bC. H. Beck'sche,
_c1953.
300 _a3 v. ;
_c25 cm.
505 8 _aContiene: V. I. Allgemeiner Teil. Lautlehre. Wortbildung. Flexion. -- V. II. Syntax und syntaktische Stilistik / vervollständigt ung hrsg. von A. Debrunner -- V. III. Register / von D. J. Georgacas
600 0 4 _aGeorgacas, Demetrius J.
_956376
650 4 _aLengua griega-
_xGramática histórica.
_9143231
700 1 _aBrugmann, Karl.
_9181680
852 _aES-MaACL
_jC-17411-3
_bR.45675
999 _c21130
_d21130